| 000 | 00444nam a22001697a 4500 | ||
|---|---|---|---|
| 003 | NUST - PNEC | ||
| 005 | 20170116181136.0 | ||
| 008 | 151007b xxu||||| |||| 00| 0 eng d | ||
| 020 | _a- | ||
| 040 | _cLIBRARY | ||
| 082 | _a891.4393 HAM | ||
| 100 |
_914315 _aHamida Akhtar Hussain Raipuri |
||
| 245 |
_aHumsafar _cHamida Akhtar Hussain Raipuri |
||
| 260 |
_aKarachi: _c2002 |
||
| 650 |
_914316 _aUrdu Literature _xGeneral |
||
| 942 |
_2ddc _cBK |
||
| 999 |
_c70249 _d70249 |
||